Ciencia y arte de los partos / (Record no. 158252)
[ view plain ]
| 000 -LEADER | |
|---|---|
| campo de control de longitud fija | 00990nam a22002295i 4500 |
| 001 - NÚMERO DE CONTROL | |
| campo de control | 158252 |
| 003 - IDENTIFICADOR DE NÚMERO DE CONTROL | |
| campo de control | ES-MaACL |
| 005 - FECHA Y HORA DE LA ÚLTIMA TRANSACCIÓN | |
| campo de control | 20250717094526.0 |
| 008 - DATOS DE LONGITUD FIJA--INFORMACIÓN GENERAL | |
| campo de control de longitud fija | 000424s1884 sp a |||| | spa d |
| 040 ## - FUENTE DE CATALOGACIÓN | |
| Centro catalogador/agencia de origen | CAM |
| Lengua de catalogación | spa |
| Centro/agencia transcriptor | CAM |
| 100 1# - ENTRADA PRINCIPAL--NOMBRE DE PERSONA | |
| Nombre de persona | Lusk, William Thompson ( |
| Fechas asociadas al nombre | 1838-1897) |
| 9 (RLIN) | 129159 |
| 245 10 - MENCIÓN DEL TÍTULO | |
| Título | Ciencia y arte de los partos / |
| Mención de responsabilidad, etc. | por Guillermo Thompson Lusk; traducida de la segunda edición norte americana por Federico Toledo. |
| 260 ## - PUBLICACIÓN, DISTRIBUCIÓN, ETC. | |
| Lugar de publicación, distribución, etc. | Madrid : |
| Nombre del editor, distribuidor, etc. | Administración de la Revista de Medicina y Cirugía Prácticas : |
| -- | imprenta y librería de Nicolás Moya, |
| Fecha de publicación, distribución, etc. | 1884. |
| 300 ## - DESCRIPCIÓN FÍSICA | |
| Extensión | 801 p. : |
| Otras características físicas | il. ; |
| Dimensiones | 24 cm. |
| 490 1# - MENCIÓN DE SERIE | |
| Mención de serie | Biblioteca Económica de la Revista de Medicina y Cirugía Prácticas |
| 650 #7 - PUNTO DE ACCESO ADICIONAL DE MATERIA--TÉRMINO DE MATERIA | |
| Término de materia o nombre geográfico como elemento de entrada | Obstetricia |
| Fuente del encabezamiento o término | embne |
| 9 (RLIN) | 15676 |
| 650 04 - PUNTO DE ACCESO ADICIONAL DE MATERIA--TÉRMINO DE MATERIA | |
| Término de materia o nombre geográfico como elemento de entrada | Parto. |
| 9 (RLIN) | 15879 |
| 700 1# - ENTRADA AGREGADA--NOMBRE PERSONAL | |
| Nombre de persona | Toledo de la Cueva, Federico. |
| 9 (RLIN) | 110453 |
| 830 0# - PUNTO DE ACCESO ADICIONAL DE SERIE-TÍTULO UNIFORME | |
| Título uniforme | Biblioteca Económica de la Revista de Medicina y Cirugía Prácticas |
| 9 (RLIN) | 182251 |
| 852 ## - LOCALIZACIÓN | |
| Ubicación | ES-MaACL |
| Número de control de estantería | F-12034 |
| Nota libre | - Enc. pasta |
| Estatus retirado | Estado de pérdida | Estado de daño | No para préstamo | Colección | Biblioteca de origen | Biblioteca actual | Ubicación en estantería | Fecha de adquisición | Fuente de adquisición | Total de préstamos | Signatura topográfica completa | Código de barras | Visto por última vez | Precio de reemplazo | Tipo de ítem Koha |
|---|---|---|---|---|---|---|---|---|---|---|---|---|---|---|---|
| Libros del s. XIX | Biblioteca del Ateneo de Madrid | Biblioteca del Ateneo de Madrid | Sala Pecera Planta 2 | 17/01/2008 | F-12034 | 1165627 | 23/02/2023 | 23/02/2023 | Libro impreso antiguo |
